5HLuxD.jpg

KING HENRY VIII SENIOR AND PRIMARY SCHOOL LIBRARY OPAC

HENRI AND THE MACHINE (Record no. 5353)

000 -LEADER
fixed length control field 00367nam a22001217a 4500
008 - FIXED-LENGTH DATA ELEMENTS--GENERAL INFORMATION
fixed length control field 250909b ||||| |||| 00| 0 eng d
020 ## - INTERNATIONAL STANDARD BOOK NUMBER
International Standard Book Number 9781800783751
082 ## - DEWEY DECIMAL CLASSIFICATION NUMBER
Classification number 813.6 MAR
100 ## - MAIN ENTRY--PERSONAL NAME
Personal name MARINOV,ISABELLE
Relator term AUTHOR
Language of a work ENGLISH
245 ## - TITLE STATEMENT
Title HENRI AND THE MACHINE
260 ## - PUBLICATION, DISTRIBUTION, ETC.
Place of publication, distribution, etc. 4TH FLOOR, VICTORIA HOUSE,BLOOMSBURY SQUARE,LONDON WC1B 4DA
Name of publisher, distributor, etc. TEMPLAR BOOKS
Date of publication, distribution, etc. 2023
942 ## - ADDED ENTRY ELEMENTS (KOHA)
Source of classification or shelving scheme
Holdings
Withdrawn status Lost status Source of classification or shelving scheme Damaged status Not for loan Collection code Permanent Location Current Location Shelving location Date acquired Total Checkouts Full call number Barcode Date due Date last seen Date last checked out Price effective from Koha item type Public note
          Fiction KH8 Primary School Library KH8 Primary School Library Fiction 2025-09-09 3 813.6 MAR KHPL000007139 2026-04-23 2026-04-15 2026-04-15 2025-09-09 Books - Fiction PRIMARY LIBRARY

Powered By KH8 IT Dept